Named Test cricket series and Trophies - Statistics

General Stats
  • This quiz has been taken 58 times
  • The average score is 3 of 14
Answer Stats
Nation Nation Test series % Correct
Australia England The Ashes
100%
Australia India Border-Gavaskar Trophy
79%
Australia West Indies Frank Worrell Trophy
32%
Australia New Zealand Trans-Tasman Trophy
21%
Australia Sri Lanka Warne-Muralidaran Trophy
21%
England West Indies Wisden Trophy
21%
India South Africa Freedom Trophy
11%
England India Pataudi Trophy
11%
England South Africa Basil D'Oliveira Trophy
9%
South Africa West Indies Sir Vivian Richards Trophy
9%
West Indies Zimbabwe Clive Lloyd Trophy
8%
West Indies Sri Lanka Sobers-Tissera Trophy
8%
India England Anthony de Mello Trophy
2%
Australia Zimbabwe Southern Cross Trophy
2%
No matching quizzes found
Score Distribution
Percent of People with Each Score
Percentile by Number Answered
Your Score History
You have not taken this quiz